Química para médicos y naturalistas / (Record no. 75338)
[ view plain ]
| 000 -LEADER | |
|---|---|
| campo de control de longitud fija | 00583nam a2200181 i 4500 |
| 001 - NÚMERO DE CONTROL | |
| campo de control | 75338 |
| 003 - IDENTIFICADOR DE NÚMERO DE CONTROL | |
| campo de control | ES-MaACL |
| 005 - FECHA Y HORA DE LA ÚLTIMA TRANSACCIÓN | |
| campo de control | 20230906172420.0 |
| 007 - CAMPO FIJO DE DESCRIPCIÓN FÍSICA--INFORMACIÓN GENERAL | |
| campo de control de longitud fija | t| |
| 008 - DATOS DE LONGITUD FIJA--INFORMACIÓN GENERAL | |
| campo de control de longitud fija | 040923s1929 sp ||||1| spa d |
| 100 1# - ENTRADA PRINCIPAL--NOMBRE DE PERSONA | |
| Nombre de persona | Gregorio Rocasolano, Antonio de. |
| 9 (RLIN) | 59907 |
| 245 10 - MENCIÓN DEL TÍTULO | |
| Título | Química para médicos y naturalistas / |
| Mención de responsabilidad, etc. | por Antonio de Gregorio Rocasolano y Luis Bermejo Vida. |
| 260 ## - PUBLICACIÓN, DISTRIBUCIÓN, ETC. | |
| Lugar de publicación, distribución, etc. | Madrid : |
| Nombre del editor, distribuidor, etc. | [s.n., |
| Fecha de publicación, distribución, etc. | 1929] ( |
| Fabricante | Ramona Velasco) |
| 300 ## - DESCRIPCIÓN FÍSICA | |
| Extensión | 937 p. : |
| Otras características físicas | il. ; |
| Dimensiones | 25 cm. |
| 700 1# - ENTRADA AGREGADA--NOMBRE PERSONAL | |
| Nombre de persona | Bermejo Vida, Luis. |
| 9 (RLIN) | 28117 |
| 852 ## - LOCALIZACIÓN | |
| Ubicación | ES-MaACL |
| Número de control de estantería | E-1927 |
| Sublocalización o colección | R.22698 |
| 852 ## - LOCALIZACIÓN | |
| Ubicación | ES-MaACL |
| Número de control de estantería | B-3900 |
| Estatus retirado | Estado de pérdida | Estado de daño | No para préstamo | Biblioteca de origen | Biblioteca actual | Ubicación en estantería | Fecha de adquisición | Fuente de adquisición | Total de préstamos | Signatura topográfica completa | Código de barras | Visto por última vez | Precio de reemplazo | Tipo de ítem Koha |
|---|---|---|---|---|---|---|---|---|---|---|---|---|---|---|
| Biblioteca del Ateneo de Madrid | Biblioteca del Ateneo de Madrid | Sala Pardo Bazán | 17/01/2008 | B-3900 | 1078854 | 23/02/2023 | 23/02/2023 | Libro impreso | ||||||
| Biblioteca del Ateneo de Madrid | Biblioteca del Ateneo de Madrid | Depósito 2 | 17/01/2008 | E-1927 | 1078853 | 23/02/2023 | 23/02/2023 | Libro impreso |
